00759nam a2200193 i 450000100060000000300090000600500170001500700030003200800410003510000200007624501760009626000560027230000290032865000290035765100450038665100450043165100680047685200210054472381ES-MaACL20250901102439.0t|040831s1932 fr ||||1| fre d1 aGirard, Albert.13aLe commerce français a Seville et Cadix au temps des Habsbourg b: contribution a l'etude du commerce etranger en Espagne aux XVI et XVIII siecles / cpar Albert Girard. aParis : bBoccard, c1932 (eBordeaux : fJ. Biere) aXXIII, 607 p. ; c25 cm. 7aComercio-zAndalucía2 7aEspaña-xComercio exterior-zFrancia2 7aFrancia-xComercio exterior-zEspaña2 4aEspaña-xComercio exterior-zAmérica española-vHistoria. aES-MaACLjA-1738